000 00600nam a2200181 4500
001 120734
003 ES-MaACL
005 20230906191619.0
007 t|
008 070214q1918 sp r ||||1| spa d
100 1 _aPolidori, Eugenio.
_992824
245 1 0 _aCurso de religión /
_cEugenio Polidori ; cuarta edición, corregida y completada en algunos puntos por Jaime Pons.
250 _acuarta edición, corregida y completada.
260 _aBarcelona :
_bGustavo Gili,
_c[1918?]
300 _a364 p. :
_bil. ;
_c19 cm.
700 1 _aPons, Jaime.
_992991
852 _aES-MaACL
_jC-4827
_bR.25425
999 _c120734
_d120734